000 00586nmm a2200193Ia 4500
008 251105s9999||||xx |||||||||||||||||und||
041 _aspa
100 _aSchopenhauer, Arthur
245 0 _aEl arte de ser feliz
264 _a[Madrid, España] :
_bNordica Libros,
_c[Fecha de publicación no identificada]
300 _a0 páginas
490 _aIlustrados
650 _aPhilosophy, Ethics
700 _aSchopenhauer, Arthur
700 1 _a Ferrándiz, Elena
700 1 _a Hernández González, Isabel
856 _uhttps://public.digitaliapublishing.com/a/96840
942 _cCF
999 _c71247
_d71247